Pokemon based on real animals - Statistics

General Stats
  • This quiz has been taken 50 times
  • The average score is 16 of 25
Answer Stats
Picture Hint Answer % Correct
Piplup Penguin
98%
Zubat Vampire Bat
91%
Arbok Cobra
88%
Fennekin Fennec Fox
88%
Tauros Bull
86%
Mantine Manta Ray
84%
Kecleon Chameleon
81%
Toucannon Toucan
81%
Joltik Jumping Spider
77%
Zigzagoon Raccoon Dog
77%
Corsola Coral
74%
Pidove Pigeon
70%
Wooper Axolotl
65%
Shaymin Hedgehog
58%
Shellos Sea slug
58%
Surskit Water Strider
53%
Drowzee Tapir
51%
Kabuto Horseshoe Crab/Trilobite
49%
Sandshrew Pangolin
47%
Stunfisk Flounder
44%
Clauncher Pistol Shrimp
44%
Omanyte Ammonite
40%
Clodsire Giant Salamander
40%
Pyukumuku Sea Cucumber
40%
Alomomola Ocean Sunfish/Mola Mola
30%
No matching quizzes found
Score Distribution
Percent of People with Each Score
Percentile by Number Answered
Your Score History
You have not taken this quiz